Lịch sử Design

Uloženo v:
Podrobná bibliografie
Hlavní autor: Lê, Huy Văn
Další autoři: Trần, Văn Bình
Médium: Kniha
Jazyk:Undetermined
Vydáno: H. Xây dựng 2008
Témata:
On-line přístup:http://lrc.tdmu.edu.vn/opac/search/detail.asp?aID=2&ID=3736
Tagy: Přidat tag
Žádné tagy, Buďte první, kdo otaguje tento záznam!
Thư viện lưu trữ: Trung tâm Học liệu Trường Đại học Thủ Dầu Một
LEADER 00632nam a2200205Ia 4500
001 TDMU_3736
008 210410s9999 xx 000 0 und d
082 |a 745.209 
090 |b L46 
100 |a Lê, Huy Văn 
245 0 |a Lịch sử Design 
245 0 |c Lê Huy Văn, Trần Văn Bình 
260 |a H. 
260 |b Xây dựng 
260 |c 2008 
300 |a 243tr. 
650 |a Mỹ thuật công nghiệp  |x Lịch sử 
700 |a Trần, Văn Bình 
856 |u http://lrc.tdmu.edu.vn/opac/search/detail.asp?aID=2&ID=3736 
980 |a Trung tâm Học liệu Trường Đại học Thủ Dầu Một